| 000 | 00730nam a2200205Ia 4500 | ||
|---|---|---|---|
| 003 | GCL | ||
| 008 | 140319s9999 xx 000 0 ara d | ||
| 040 |
_aGCL / _cGCL |
||
| 082 | 0 | 4 |
_a001.6424 _bا و |
| 100 | 1 | _aخالد العامرى | |
| 245 | 1 | 0 |
_aويندوز 98 خطوة واحدة وقنية PRESENTING WINDOS 98 ONE STEP AT ATINE / _cخالد العامرى |
| 700 | 1 | _aاندرداهل, وبريان | |
| 260 |
_aالقاهرة : _bدار الفاروق للنشر والتوزيع ، _c1998 |
||
| 300 |
_a340 ص ؛ _c24 سم |
||
| 490 | _a | ||
| 650 | 0 | 4 | _aالحاسبات الالكترونية |
| 650 | 0 | 4 | _aالحاسبات الالكترونية - برامج |
| 650 | 0 | 4 | _aويندوز 98 |
| 942 |
_2ddc _cBK |
||
| 999 |
_c52303 _d52303 |
||